Detection of DDoS Attacks Using Data Mining: Data Clustering (Record no. 5636)
[ view plain ]
| 000 -LEADER | |
|---|---|
| fixed length control field | 00516nam a22001817a 4500 |
| 003 - CONTROL NUMBER IDENTIFIER | |
| control field | OSt |
| 005 - DATE AND TIME OF LATEST TRANSACTION | |
| control field | 20220107122826.0 |
| 008 - FIXED-LENGTH DATA ELEMENTS--GENERAL INFORMATION | |
| fixed length control field | 170602b xxu||||| |||| 00| 0 eng d |
| 040 ## - CATALOGING SOURCE | |
| Transcribing agency | IIITMK |
| 100 ## - MAIN ENTRY--PERSONAL NAME | |
| Personal name | Rahul Ramakrishnan (9361021) |
| 9 (RLIN) | 11883 |
| 245 ## - TITLE STATEMENT | |
| Title | Detection of DDoS Attacks Using Data Mining: Data Clustering |
| 300 ## - PHYSICAL DESCRIPTION | |
| Extent | MSCS- MINI PROJECT |
| 502 ## - DISSERTATION NOTE | |
| Degree type | MSCS |
| Name of granting institution | 2016-2018 |
| Year degree granted | INT |
| -- | Dr.Tony Thomas |
| 650 ## - SUBJECT ADDED ENTRY--TOPICAL TERM | |
| Topical term or geographic name entry element | DATA MINING |
| 9 (RLIN) | 11884 |
| 650 ## - SUBJECT ADDED ENTRY--TOPICAL TERM | |
| Topical term or geographic name entry element | DATA CLUSTERING |
| 9 (RLIN) | 11885 |
| 650 ## - SUBJECT ADDED ENTRY--TOPICAL TERM | |
| Topical term or geographic name entry element | UDP |
| 9 (RLIN) | 11886 |
| 942 ## - ADDED ENTRY ELEMENTS (KOHA) | |
| Source of classification or shelving scheme | Dewey Decimal Classification |
| Koha item type | |
| Withdrawn status | Lost status | Source of classification or shelving scheme | Damaged status | Not for loan | Home library | Current library | Shelving location | Date acquired | Total Checkouts | Barcode | Date last seen | Price effective from | Koha item type |
|---|---|---|---|---|---|---|---|---|---|---|---|---|---|
| Dewey Decimal Classification | IIITM-K | Kerala University of Digital Sciences, Innovation and Technology Knowledge Centre | 02/06/2017 | R-1219 | 02/06/2017 | 02/06/2017 | Project Reports |